000 00675nam a2200217 4500
003 OSt
005 20240731043243.0
006 a
008 240731b |||||||| |||| 00| 0 eng d
020 _a97897103216
040 _aDWCL-Main lib.
_cOC
082 _aFil. 333.9539 F363b 2007
100 _aFernandez, Elvira C.
245 _aBiofuels from Philippine plants /
260 _aMandaluyong City :
_bAsia-Pacific Biofuels Corporation,
_cc2007.
300 _b280 p. : col. ill. ;
_c31 cm.
504 _aIncludes bibliographical references and index.
650 _a1. Biomass energy-Philippines.
650 _a2. Plants-Philippines.
942 _2ddc
_n0
_cBK - FIL
_kFil.
999 _c3015
_d3015